Statistics for Circus - Britney Spears (All Lyrics)

Click here to take the quiz!

General Stats

  • This quiz has been taken 105 times
  • The average score is 343 of 411

Answer Stats

Lyrics% Correct
I
100%
a-
99%
a
99%
in
97%
like
97%
on
97%
on-
97%
the
97%
The
97%
of
96%
circus.
95%
me,
95%
me
95%
All
93%
eyes
93%
just
92%
that
91%
ring
89%
and
88%
can
88%
there.
88%
there
88%
When
88%
do.
87%
I'm
87%
show
87%
show.
87%
what
87%
what?
87%
you
87%
center
85%
people
85%
two
85%
Ones
84%
ones
84%
only
84%
world.
84%
feel
83%
go.
83%
go,
83%
There's
83%
types
83%
make
80%
ready,
79%
ready
79%
to
79%
Don't
77%
hot.
77%
it
77%
put-
77%
put
77%
we
77%
shots.
76%
be
75%
dance
75%
observe.
75%
Spotlight
75%
stand
75%
call
73%
my
73%
are
72%
girl.
72%
kind
72%
leader.
72%
leader,
72%
out
72%
through
72%
veins.
72%
baby,
71%
entertain
71%
everybody
71%
Everybody
71%
watching
71%
adrenaline
69%
firecracker.
69%
firecracker,
69%
follow
69%
Let
69%
let
69%
same.
69%
Everybody
68%
hope
68%
with
68%
scared.
67%
stage.
67%
floor
65%
guys
65%
gon'
64%
performer,
64%
whip,
64%
is
63%
So,
63%
so
63%
hang
61%
first.
60%
back
59%
trip
59%
Gotta
57%
seat.
57%
prepared.
56%
crack
55%
run
55%
beware.
53%
came
53%
Better
51%
break.
51%
Well,
51%
moving
49%
Let's
44%
ship,
43%
tight
41%
see
40%
runnin'
33%
this.
29%
Yeah,
23%

Score Distribution

Percentile by Number Answered

Percent of People with Each Score

Your Score History

You have not taken this quiz